| 000 | 00345nam a2200121Ia 4500 | ||
|---|---|---|---|
| 008 | 230907s9999||||xx |||||||||||||| ||und|| | ||
| 082 |
_a621.433 _bLIE |
||
| 100 | _aLieuwen, Timothy C. | ||
| 245 | 0 | _aUnsteady combustor physics / | |
| 260 |
_aCambridge University Press, _bCambridge ; | New York : _c2013 |
||
| 300 | _axix, 405 p. : | ||
| 942 | _cBK | ||
| 999 |
_c598585 _d598585 |
||